01709cam a2200445 a 4500952014700000999001700147001000900164003000400173005001700177008004100194010001700235015001900252016001800271020002500289035002400314040002600338041001300364042002100377043001200398050001900410082002000429100001900449240003300468245014900501260005800650300002900708490002800737500004900765504005300814546003900867600004100906651004400947651004100991651003301032700003001065700002301095830005401118906004501172942004601217 00102ddc40708BIOGRAPHIESaMESbMEScBIOGRAPHIESd2019-02-20g345.00l0o920.0495 PLU/Gp33476r2019-02-20 00:00:00w2019-02-20yBKzGL35R3 c21304d2130415590416OSt20200601143902.0090116r20081998enkb b 001 0ceng d a 2009290354 aGBA8130082bnb7 a0145077362Uk a9780199540051 (pbk.) a(OCoLC)ocn191752404 aUKMcoclcdBTCTAdDLC1 aenghgrc aukscpalccopycat ae-gr---00aDE7b.P52 200804a920.0495bPLU/G aPlutarch9237910aLives.kSelections.lEnglish10aGreek lives :ba selection of nine Greek lives /cPlutarch ; translated by Robin Waterfield ; with introductions and notes by Philip A. Stadter. aOxford ;aNew York :bOxford University Press,c2008. a483 p. :bmaps ;c20 cm.1 aOxford world's classics aThis translation originally published: 1998. aIncludes bibliographical references and indexes. aTranslated from the Ancient Greek.00aPlutarchxTranslations into English. 0aGreecevBiographyvEarly works to 1800. 0aGreecexKings and rulersvBiography. 0aGreecexHistoryyTo 146 B.C.1 aWaterfield, Robin,d1952-1 aStadter, Philip A. 0aOxford world's classics (Oxford University Press) a7bcbcccopycatd2encipf20gy-gencatlg 2ddccBKh920.0495iPLU/Gk920.0495mPLU/G